Vũ Trung tùy bút /

Đã lưu trong:
Bibliografiske detaljer
Hovedforfatter: Phạm Đình Hổ
Andre forfattere: Nguyễn Hữu Tiến (dịch và chú giải)
Format: Sách giấy
Sprog:Vietnamese
Udgivet: H. : Văn học, 2002
Tags: Tilføj Tag
Ingen Tags, Vær først til at tagge denne postø!
Thư viện lưu trữ: Thư viện Trường Đại học Đà Lạt
LEADER 00755nam a2200289 4500
001 DLU030021813
003 ##DLU
005 ##20021230
008 ##021230t vn z000 vie d
040 # # |a DLU  |b vie 
041 # # |a vie 
044 # # |a vn 
082 # # |a 895.922 803  |b PH-H 
100 # # |a Phạm Đình Hổ 
245 # # |a Vũ Trung tùy bút /  |c Phạm Đình Hổ, Nguyễn Hữu Tiến dịch và chú giải 
260 # # |a H. :  |b Văn học,  |c 2002 
300 # # |a 244 tr. ;  |c 19 cm 
700 # # |a Nguyễn Hữu Tiến  |e dịch và chú giải 
992 # # |a 19000 
994 # # |a DLU 
900 # # |a True 
911 # # |a Thái Thị Thanh Thủy 
925 # # |a G 
926 # # |a A 
927 # # |a SH 
980 # # |a Thư viện Trường Đại học Đà Lạt